00281nam a2200121Ia 4500008004100000082001700041100001200058245002400070260000900094300000800103630002400111730002400135100122s9999 xx 000 0 und d b12935a920.7 aSEN ELA aWIVES OF FAMOUS MEN c1942 a104 aWIVES OF FAMOUS MEN aWIVES OF FAMOUS MEN